Пора надежд и свершений. Кн. 2: Солдаты без мундиров (Запись № 9784002)

Подробности
000 -МАРКЕР
контрольное поле 01061nam2a22002291 4500
001 - ИДЕНТИФИКАТОР ЗАПИСИ
контрольное поле rc\3399596
005 - ИДЕНТИФИКАТОР ВЕРСИИ
контрольное поле 20250609230648.0
035 ## - ДРУГИЕ СИСТЕМНЫЕ НОМЕРА
Идентификатор записи (NLR Aleph) 007544629
100 ## - ДАННЫЕ ОБЩЕЙ ОБРАБОТКИ
Данные общей обработки 20130115d1972 |||y0rusy50 ca
101 1# - ЯЗЫК РЕСУРСА
Язык текста, звукозаписи и т.д. русский
Язык оригинала украинский
102 ## - СТРАНА ПУБЛИКАЦИИ ИЛИ ПРОИЗВОДСТВА
Страна публикации Российская Федерация
105 ## - ПОЛЕ КОДИРОВАННЫХ ДАННЫХ: ТЕКСТОВЫЕ МАТЕРИАЛЫ, МОНОГРАФИЧЕСКИЕ
Кодированные данные о монографическом текстовом документе y z |||||
200 1# - ЗАГЛАВИЕ И СВЕДЕНИЯ ОБ ОТВЕТСТВЕННОСТИ
Основное заглавие Солдаты без мундиров
210 ## - ПУБЛИКАЦИЯ, РАСПРОСТРАНЕНИЕ И ДР.
Место издания, распространения и т.д. [Москва
Имя издателя, распространителя и т. д. Худож. лит.
Дата издания, распространения и т.д. 1972]
215 ## - ФИЗИЧЕСКАЯ ХАРАКТЕРИСТИКА
Специфическое обозначение материала и объем 584 с.
461 #0 - УРОВЕНЬ НАБОРА
Встроенное поле 001rc\3399594
-- 2001#$aПора надежд и свершений$eРоман$fАвториз. пер. с укр. Б. Турганова$g[Вступ. статья Н. Тихонова]. Кн. 1-2$vКн. 2
-- 700#1$aРыбак$bН.С.$f1913-1978$gНатан Самойлович
Системный номер (АБИС) связанной записи 9783991
Автор Рыбак, Н.С. (1913-1978)
Место публикации [Москва
Дата публикации 1972]
Первые сведения об ответственности Авториз. пер. с укр. Б. Турганова
Имя издателя, распространителя и т.д. Худож. лит.
Сведения, относящиеся к заглавию Роман
Физическая характеристика 2 т.
Заглавие Пора надежд и свершений
Номер тома Кн. 2
801 #0 - ИСТОЧНИК ЗАПИСИ
Страна Российская Федерация
Организация NLR
Правила каталогизации psbo
801 #1 - ИСТОЧНИК ЗАПИСИ
Страна Российская Федерация
Организация ELAR
Источник данных rusmarc
852 ## - МЕСТОНАХОЖДЕНИЕ И ШИФР ХРАНЕНИЯ
Идентификатор организации NLR
Шифр хранения (Call Number) 72-3/10469
942 ## - ДОПОЛНИТЕЛЬНЫЕ ЭЛЕМЕНТЫ ЗАПИСИ (АБИС)
Тип экземпляра АБИС Книга
980 ## - КОЛЛЕКЦИЯ
Название коллекции Национальная библиография
Экземпляры
Тип экземпляра Дата поступления Библиотека постоянного хранения Библиотека текущего хранения Место хранения Шифр хранения Штрих-код Статус экземпляра
Книга 26.10.2013 РНБ (Московский) РНБ (Московский) Русский книжный фонд: издания с 1957 года 72-3/10469 7544629-10